000 00501nam a2200181Ia 4500
001 16279
005 20260306170257.0
008 260306t2001||||xx |||||||||||||| ||und||
041 _aESP
082 _a347.51L
_bB33
100 _aBeaumont Callirgos, Ricardo
_eAUT
245 0 _aComentarios al nuevo reglamento del registro de sociedades:
_banalizado artículo por artículo
260 _c2001
300 _a517 páginas :
_c24 cm.
650 _aGEN
654 _aCDE
942 _cLIB
_dJUS
_fJUS
_2ddc
_n
999 _c16279
_d16279